Zemřelé nesvobodné pracovní síly v oblastech produkce uranové rudy 1946 až 1986 /

Hlavní autor: Bártík, František, 1976-
Jazyk: Čeština
Vydáno: Příbram : Hornické muzeum Příbram, 2011
Vydání: 1. vyd.
Témata:
Fyzický popis: 135 s. : il., faksim. ; 29 cm
Language note: Anglické resumé
Knihy
Uloženo v:
LEADER 02666nam a2200721 a 4500
001 nkc20122269799
003 CZ PrNK
005 20120227093737.0
007 ta
008 120117s2011 xr ah e 000 0ccze
015 |a cnb002269799 
020 |a 978-80-86869-14-8  |q (brož.) 
035 |a (OCoLC)780139153 
040 |a ABA001  |b cze 
041 0 |a cze  |b eng 
043 |a e-cs--- 
045 |a x4x8 
072 7 |a 343.8  |x Vězeňství  |2 Konspekt  |9 18 
072 7 |a 929  |x Biografie  |2 Konspekt  |9 8 
080 |a [323.28:329.15]-058.6  |2 MRF 
080 |a 343.819  |2 MRF 
080 |a 929  |2 MRF 
080 |a 343.81  |2 MRF 
080 |a 323.28-051  |2 MRF 
080 |a 323.28  |2 MRF 
080 |a 622.349.5.012.2  |2 MRF 
080 |a (437)  |2 MRF 
080 |a (048.8)  |2 MRF 
080 |a (083.8)  |2 MRF 
080 |a (093)  |2 MRF 
100 1 |a Bártík, František,  |d 1976-  |7 mzk2008463780  |4 aut 
245 1 0 |a Zemřelé nesvobodné pracovní síly v oblastech produkce uranové rudy 1946 až 1986 /  |c František Bártík 
250 |a 1. vyd. 
260 |a Příbram :  |b Hornické muzeum Příbram,  |c 2011 
300 |a 135 s. :  |b il., faksim. ;  |c 29 cm 
500 |a Část. tištěno napříč 
504 |a Obsahuje bibliografii a bibliografické odkazy 
546 |a Anglické resumé 
648 4 |a 1946-1986 
648 7 |a 1945-1989  |7 ch460657  |2 czenas 
650 0 7 |a oběti komunismu  |7 ph123640  |z Československo  |y 1945-1989  |2 czenas 
650 0 7 |a pracovní tábory  |7 ph115874  |z Československo  |y 1945-1989  |2 czenas 
650 0 7 |a věznice  |7 ph127394  |z Československo  |y 1945-1989  |2 czenas 
650 0 7 |a političtí vězni  |7 ph124262  |z Československo  |y 1945-1989  |2 czenas 
650 0 7 |a politická perzekuce  |7 ph124236  |z Československo  |y 1945-1989  |2 czenas 
650 0 7 |a uranové doly  |7 ph303450  |z Československo  |y 1945-1989  |2 czenas 
650 0 9 |a victims of communism  |z Czechoslovakia  |y 1945-1989  |2 eczenas 
650 0 9 |a forced labour camps  |z Czechoslovakia  |y 1945-1989  |2 eczenas 
650 0 9 |a prisons  |z Czechoslovakia  |y 1945-1989  |2 eczenas 
650 0 9 |a political prisoners  |z Czechoslovakia  |y 1945-1989  |2 eczenas 
650 0 9 |a political persecution  |z Czechoslovakia  |y 1945-1989  |2 eczenas 
650 0 9 |a uranium mines  |z Czechoslovakia  |y 1945-1989  |2 eczenas 
655 7 |a studie  |7 fd133597  |2 czenas 
655 7 |a seznamy  |7 fd133378  |2 czenas 
655 7 |a prameny  |7 fd131865  |2 czenas 
655 9 |a studies  |2 eczenas 
655 9 |a lists  |2 eczenas 
655 9 |a sources  |2 eczenas 
910 2 |a BOA001  |b 4-1278.428 
990 |a BK 
995 |a 01 
991 |b 201201  |c NOV  |e n 
996 6 |b 2610499647  |c 4-1278.428  |l MZK  |r Sklad / do 1 hodiny  |n 5  |p p.v.  |w 001223591  |u 000010  |a 1  |e BOA001  |j MZK50  |s P